[Event "Championnat de France 2006 - Accession"]
[Site "BESANCON"]
[Date "2006.08.18"]
[Round "4.26"]
[White "Philippe, Christophe"]
[Black "Boukobza, Adrien"]
[Result "1-0"]
[WhiteElo "2411"]
[BlackElo "2192"]
[PlyCount "71"]
[EventDate "2006.??.??"]

1. e4 e6 2. d4 d5 3. Nc3 Nf6 4. Bg5 Be7 5. e5 Nfd7 6. Bxe7 Qxe7 7. f4 a6 8. Nf3
c5 9. Qd2 Nc6 10. dxc5 Qxc5 11. O-O-O b5 12. Ne2 Nb6 13. Ned4 Nxd4 14. Qxd4
Qxd4 15. Nxd4 Bd7 16. Bd3 O-O 17. Rde1 Rac8 18. Rhf1 Nc4 19. g4 Na5 20. a3 Nc6
21. Nb3 Nd8 22. Kd2 Nb7 23. c3 Nc5 24. Nd4 Nxd3 25. Kxd3 a5 26. b4 a4 27. Re3
Rce8 28. f5 Rc8 29. Ref3 Rb8 30. fxe6 fxe6 31. Rxf8+ Rxf8 32. Rxf8+ Kxf8 33.
Nf3 Kf7 34. Kd4 Kg6 35. Kc5 h5 36. h3 1-0

[Event "Championnat de France 2006 - Accession"]
[Site "BESANCON"]
[Date "2006.08.18"]
[Round "4.28"]
[White "Delorme, Alban"]
[Black "Demuth, Adrien"]
[Result "0-1"]
[WhiteElo "2314"]
[BlackElo "2118"]
[PlyCount "56"]
[EventDate "2006.??.??"]

1. d4 Nf6 2. Nc3 d5 3. Nf3 g6 4. Bf4 Bg7 5. Qd2 O-O 6. h4 h5 7. O-O-O c6 8. Ne5
b5 9. f3 a5 10. Bh6 a4 11. g4 b4 12. Nb1 b3 13. cxb3 axb3 14. a3 c5 15. Bxg7
Kxg7 16. g5 Nfd7 17. Nxd7 Nxd7 18. dxc5 Qc7 19. Qxd5 Nxc5 20. Nc3 Be6 21. Qd4+
Kg8 22. Bg2 Rfd8 23. Qe3 Rxd1+ 24. Rxd1 Na4 25. Rd3 Bf5 26. Rd2 Nxc3 27. Qxc3
Qg3 28. e4 Rc8 0-1

[Event "Championnat de France 2006 - Accession"]
[Site "BESANCON"]
[Date "2006.08.18"]
[Round "4.29"]
[White "Houriez, Clement"]
[Black "Mancini, Mario"]
[Result "1-0"]
[WhiteElo "2125"]
[BlackElo "2258"]
[PlyCount "69"]
[EventDate "2006.??.??"]

1. e4 c5 2. Nc3 Nc6 3. f4 e6 4. Nf3 d5 5. Bb5 Nf6 6. Bxc6+ bxc6 7. Qe2 Be7 8.
d3 a5 9. O-O O-O 10. Na4 Ba6 11. c4 Nd7 12. Bd2 Re8 13. b3 Qc7 14. Kh1 Bc8 15.
Qe1 Qa7 16. Ne5 Qc7 17. Nxd7 Bxd7 18. Be3 d4 19. Bf2 f6 20. Bh4 Bf8 21. Qe2 Bc8
22. Rf3 Qf7 23. Rh3 Ra7 24. Rg1 h6 25. Be1 g6 26. e5 f5 27. Bh4 Kh7 28. Qf2 Be7
29. g4 fxg4 30. Rxg4 Rf8 31. Qg3 Rg8 32. Bxe7 Rxe7 33. Nxc5 h5 34. Ne4 Rg7 35.
Ng5+ 1-0

[Event "Championnat de France 2006 - Accession"]
[Site "BESANCON"]
[Date "2006.08.18"]
[Round "4.31"]
[White "Humeau, Cyril"]
[Black "Tranchant, Sebastien"]
[Result "1/2-1/2"]
[WhiteElo "2095"]
[BlackElo "2222"]
[PlyCount "40"]
[EventDate "2006.??.??"]

1. c4 c5 2. Nc3 g6 3. g3 Bg7 4. Bg2 d6 5. d3 Nc6 6. f4 e6 7. Nf3 Nge7 8. O-O a6
9. e4 Nd4 10. Nxd4 Bxd4+ 11. Kh1 Nc6 12. Ne2 Bg7 13. Rb1 O-O 14. Be3 Qb6 15.
Qd2 f5 16. exf5 gxf5 17. Rfd1 Nd4 18. b4 Qc7 19. bxc5 dxc5 20. Bxd4 cxd4
1/2-1/2

[Event "Championnat de France 2006 - Accession"]
[Site "BESANCON"]
[Date "2006.08.18"]
[Round "4.32"]
[White "Le Goff, Damien"]
[Black "Bailet, Pierre"]
[Result "1-0"]
[WhiteElo "2215"]
[BlackElo "2051"]
[PlyCount "53"]
[EventDate "2006.??.??"]

1. e4 c5 2. Nf3 d6 3. d4 cxd4 4. Nxd4 Nf6 5. Nc3 a6 6. Bg5 e6 7. f4 Be7 8. Qf3
Qc7 9. O-O-O Nbd7 10. g4 b5 11. Bxf6 Nxf6 12. g5 Nd7 13. f5 Nc5 14. f6 gxf6 15.
gxf6 Bf8 16. Rg1 Bb7 17. Bh3 b4 18. Nd5 exd5 19. exd5 Nd7 20. Rge1+ Ne5 21. Nc6
Rc8 22. Qh5 Rg8 23. Bxc8 Bxc8 24. Nxe5 dxe5 25. Rxe5+ Kd8 26. d6 Bxd6 27. Red5
1-0

[Event "Championnat de France 2006 - Accession"]
[Site "BESANCON"]
[Date "2006.08.18"]
[Round "4.34"]
[White "Ouakhir, Mehdi"]
[Black "Suez-Panama, Gilles"]
[Result "1-0"]
[WhiteElo "2238"]
[BlackElo "2086"]
[PlyCount "61"]
[EventDate "2006.??.??"]

1. d4 Nf6 2. c4 g6 3. Nc3 d5 4. cxd5 Nxd5 5. e4 Nxc3 6. bxc3 Bg7 7. Bc4 c5 8.
Ne2 O-O 9. Be3 Qa5 10. O-O cxd4 11. cxd4 Nc6 12. Rc1 e6 13. d5 exd5 14. Bxd5
Ne7 15. Rc5 Qa3 16. Rc7 Nxd5 17. Qxd5 Be6 18. Qxb7 Qxa2 19. Nf4 Bc4 20. Rc1 Ba6
21. Qc6 Be5 22. Nd5 Qa3 23. Bh6 Qd6 24. Bxf8 Rxf8 25. Qxd6 Bxd6 26. R7c6 Ba3
27. Ra1 Bb5 28. Rxa3 Bxc6 29. Ne7+ Kg7 30. Nxc6 Rc8 31. Ra6 1-0

[Event "Championnat de France 2006 - Open A"]
[Site "BESANCON"]
[Date "2006.08.18"]
[Round "4.1"]
[White "Guignier, Nicolas"]
[Black "Marie, Maxime"]
[Result "0-1"]
[WhiteElo "2134"]
[BlackElo "2165"]
[PlyCount "58"]
[EventDate "2006.??.??"]

1. e4 c5 2. Nf3 Nc6 3. d4 cxd4 4. Nxd4 Nf6 5. Nc3 e5 6. Ndb5 d6 7. Bg5 a6 8.
Na3 b5 9. Nab1 Be7 10. Bxf6 Bxf6 11. a4 b4 12. Nd5 O-O 13. Nd2 Bg5 14. Nc4 Be6
15. Nxd6 Nd4 16. Nc4 Bxd5 17. exd5 Qxd5 18. Ne3 Bxe3 19. fxe3 Qe4 20. Kd2 Nb3+
21. cxb3 Rfd8+ 22. Ke2 Rxd1 23. Rxd1 Rc8 24. Kf2 Rc2+ 25. Be2 g6 26. h4 Rxb2
27. h5 Qf5+ 28. Ke1 Qc2 29. Rd8+ Kg7 0-1

[Event "Championnat de France 2006 - Open A"]
[Site "BESANCON"]
[Date "2006.08.18"]
[Round "4.2"]
[White "Debeaune, Robin"]
[Black "Gaubil, Olivier"]
[Result "1/2-1/2"]
[WhiteElo "2150"]
[BlackElo "2103"]
[PlyCount "98"]
[EventDate "2006.??.??"]

1. f4 d5 2. Nf3 Nf6 3. b3 g6 4. Bb2 Bg7 5. e3 O-O 6. Be2 c5 7. O-O b6 8. Qe1
Bb7 9. d3 Nc6 10. h3 d4 11. e4 Ne8 12. Nbd2 Nd6 13. g4 e5 14. fxe5 Nxe5 15.
Nxe5 Bxe5 16. Nf3 f6 17. Nxe5 fxe5 18. Bc1 Rxf1+ 19. Qxf1 Qh4 20. Bd2 Qg3+ 21.
Qg2 Qxg2+ 22. Kxg2 Rf8 23. Rf1 Rxf1 24. Bxf1 Nb5 25. Kf3 Bc8 26. a4 Nc3 27. Bg5
Kf7 28. Bd8 Ke6 29. Bc7 b5 30. axb5 Nxb5 31. Bb8 a6 32. g5 Nd6 33. h4 Ke7 34.
Kg3 Nf7 35. Bc7 Kd7 36. Ba5 Kc6 37. Bd2 Be6 38. Be2 Nd8 39. h5 Kd6 40. h6 Nc6
41. Kf2 Nb4 42. Bxb4 cxb4 43. Ke1 a5 44. Kd2 a4 45. bxa4 Kc5 46. Bd1 Kb6 47.
Kc1 Ka6 48. Kb1 Ka5 49. Kb2 Kb6 1/2-1/2

[Event "Championnat de France 2006 - Open A"]
[Site "BESANCON"]
[Date "2006.08.18"]
[Round "4.3"]
[White "Lacroix, Romain"]
[Black "Fischer, Marc"]
[Result "0-1"]
[WhiteElo "2075"]
[BlackElo "2146"]
[PlyCount "44"]
[EventDate "2006.??.??"]

1. e4 c6 2. d4 d5 3. exd5 cxd5 4. Bd3 Nc6 5. c3 g6 6. Bf4 Nf6 7. Nf3 Bf5 8.
Bxf5 gxf5 9. Qb3 Qd7 10. Ne5 Nxe5 11. Bxe5 Rg8 12. Bxf6 exf6 13. O-O f4 14.
Re1+ Be7 15. Nd2 O-O-O 16. Qd1 Rg6 17. Kh1 Rdg8 18. Rg1 Rg4 19. Qf3 Rh4 20.
Rae1 Bd8 21. Nb3 Rg6 22. h3 Rg3 0-1

[Event "Championnat de France 2006 - Open A"]
[Site "BESANCON"]
[Date "2006.08.18"]
[Round "4.4"]
[White "Adda, Olivier"]
[Black "Berthier, Hugo"]
[Result "1-0"]
[WhiteElo "2142"]
[BlackElo "2056"]
[PlyCount "53"]
[EventDate "2006.??.??"]

1. e4 e5 2. Nf3 Nf6 3. Nxe5 d6 4. Nf3 Nxe4 5. Nc3 Nxc3 6. dxc3 Be7 7. Be3 O-O
8. Qd2 Nc6 9. O-O-O Ne5 10. Nd4 c5 11. Nb5 Qa5 12. a3 a6 13. Nxd6 Rd8 14. Nxc8
Rxd2 15. Nxe7+ Kf8 16. Rxd2 Kxe7 17. Rd5 Nd7 18. Bc4 Qc7 19. Rhd1 Rd8 20. g3 b5
21. Bf1 b4 22. cxb4 cxb4 23. axb4 Qb7 24. Bh3 Qxb4 25. Bxd7 Qb7 26. Bc5+ Kf6
27. Rd6+ 1-0

[Event "Championnat de France 2006 - Open A"]
[Site "BESANCON"]
[Date "2006.08.18"]
[Round "4.6"]
[White "Coulon, Maxcellend"]
[Black "Vilaisarn, Akkhavanh"]
[Result "0-1"]
[WhiteElo "2018"]
[BlackElo "2190"]
[PlyCount "96"]
[EventDate "2006.??.??"]

1. e4 e6 2. d4 d5 3. Nc3 Nf6 4. Bg5 Be7 5. e5 Ng8 6. h4 b6 7. Bb5+ c6 8. Bd3
Ba6 9. Nf3 Qc8 10. a3 Bxd3 11. Qxd3 Qa6 12. O-O-O Qxd3 13. Rxd3 Bf8 14. Re1 Ne7
15. h5 h6 16. Bd2 Na6 17. g4 Nc7 18. Nh4 c5 19. f4 Nc6 20. Ne2 Nxd4 21. Nxd4
cxd4 22. f5 a5 23. Nf3 Bc5 24. Nxd4 Bxd4 25. Rxd4 Na6 26. Rf4 Nc5 27. Be3 Nd7
28. Bd4 O-O 29. f6 gxf6 30. exf6 Kh7 31. g5 hxg5 32. Rg4 Rg8 33. Reg1 b5 34.
Bc3 b4 35. axb4 axb4 36. Bxb4 Ra1+ 37. Kd2 Rxg1 38. Rxg1 Nxf6 39. Be7 Ne4+ 40.
Kd3 Kh6 41. c4 Re8 42. Ba3 Kxh5 43. Rf1 f5 44. cxd5 Rd8 45. Rg1 Rxd5+ 46. Ke3
Nd6 47. b3 f4+ 48. Ke2 Nf5 0-1

[Event "Championnat de France 2006 - Open A"]
[Site "BESANCON"]
[Date "2006.08.18"]
[Round "4.7"]
[White "Entem, Alan"]
[Black "Franck, Boris"]
[Result "1-0"]
[WhiteElo "2144"]
[BlackElo "2105"]
[PlyCount "53"]
[EventDate "2006.??.??"]

1. e4 g6 2. d4 Bg7 3. Nc3 c6 4. Bc4 d6 5. Qf3 e6 6. Nge2 Nd7 7. Bb3 Ngf6 8. Bg5
h6 9. Bh4 Qe7 10. O-O-O g5 11. Bg3 e5 12. Kb1 Nf8 13. Qe3 Ng6 14. f3 Nh5 15.
Bf2 Nhf4 16. g3 Nh3 17. Be1 h5 18. Rf1 Bh6 19. Qd3 Rf8 20. Na4 b5 21. d5 bxa4
22. Bxa4 Bd7 23. dxc6 Be6 24. Bb4 O-O-O 25. Ba5 d5 26. Qa6+ Kb8 27. c7+ 1-0

[Event "Championnat de France 2006 - Open A"]
[Site "BESANCON"]
[Date "2006.08.18"]
[Round "4.8"]
[White "Barj, Julien"]
[Black "Guilleux, Fabien"]
[Result "1/2-1/2"]
[WhiteElo "2135"]
[BlackElo "2055"]
[PlyCount "71"]
[EventDate "2006.??.??"]

1. e4 c5 2. Nf3 d6 3. d4 cxd4 4. Nxd4 Nf6 5. Nc3 a6 6. a4 b6 7. g3 Bb7 8. Bg2
e6 9. O-O Qc7 10. Re1 Be7 11. f4 Nc6 12. Nb3 O-O 13. g4 Rfe8 14. g5 Nd7 15. Be3
Nc5 16. Qh5 Nxb3 17. cxb3 g6 18. Qh4 Nb4 19. Re2 Nd3 20. Rd2 Nc5 21. Rc2 Nxb3
22. Rf1 b5 23. Rff2 Qd7 24. Qg4 Rac8 25. axb5 axb5 26. Nd5 Bxd5 27. exd5 Nc5
28. b4 Nd3 29. Rxc8 Rxc8 30. Ra2 Rc7 31. Ra8+ Bf8 32. Qd1 Nxb4 33. Qd4 Nxd5 34.
Rxf8+ Kxf8 35. Qh8+ Ke7 36. Qf6+ 1/2-1/2

[Event "Championnat de France 2006 - Open A"]
[Site "BESANCON"]
[Date "2006.08.18"]
[Round "4.9"]
[White "Dubessay, Bastien"]
[Black "Duchateau, Thomas"]
[Result "1/2-1/2"]
[WhiteElo "1993"]
[BlackElo "2129"]
[PlyCount "22"]
[EventDate "2006.??.??"]

1. d4 d5 2. c4 c6 3. cxd5 cxd5 4. Nf3 Nf6 5. Nc3 Nc6 6. Bf4 e6 7. e3 a6 8. Rc1
Be7 9. Be2 O-O 10. O-O Na5 11. Na4 Bd6 1/2-1/2

[Event "Championnat de France 2006 - Open A"]
[Site "BESANCON"]
[Date "2006.08.18"]
[Round "4.10"]
[White "Debray, Tristan"]
[Black "Buscara, Sevan"]
[Result "1-0"]
[WhiteElo "2126"]
[BlackElo "1964"]
[PlyCount "91"]
[EventDate "2006.??.??"]

1. e4 d6 2. d4 Nf6 3. Nc3 Nbd7 4. f4 e5 5. Nf3 exd4 6. Qxd4 c6 7. f5 d5 8. Bg5
Bc5 9. Qd3 Qa5 10. Bd2 Qc7 11. exd5 O-O 12. O-O-O cxd5 13. h3 b6 14. g4 Bb7 15.
Bg2 Ne4 16. Be1 Rac8 17. g5 Bf2 18. Kb1 Bxe1 19. Rhxe1 Nf2 20. Qd2 Nxd1 21.
Rxd1 Nc5 22. f6 Ne4 23. Qd4 Nxc3+ 24. bxc3 Qxc3 25. Qxc3 Rxc3 26. fxg7 Kxg7 27.
Nd4 Kh8 28. Rf1 Kg8 29. Nf5 Rc7 30. h4 Ba6 31. Nh6+ Kh8 32. Rf6 Bc4 33. Nf5
Bxa2+ 34. Kb2 Rfc8 35. Nd4 Bc4 36. Bh3 Ra8 37. Bf5 Kg7 38. Rh6 Rh8 39. c3 Bf1
40. h5 Bg2 41. Rd6 h6 42. g6 Be4 43. Bxe4 Re8 44. Nf5+ Kh8 45. g7+ Kg8 46. Rxh6
1-0

[Event "Championnat de France 2006 - Open B"]
[Site "BESANCON"]
[Date "2006.08.18"]
[Round "4.1"]
[White "Marceline, Philippe"]
[Black "Baudon, Sebastien"]
[Result "1-0"]
[WhiteElo "1880"]
[BlackElo "1984"]
[PlyCount "107"]
[EventDate "2006.??.??"]

1. e4 c5 2. Nf3 Nc6 3. Bb5 e6 4. Bxc6 bxc6 5. O-O d6 6. Re1 e5 7. h3 g6 8. c3
Bg7 9. d4 cxd4 10. cxd4 Be6 11. dxe5 dxe5 12. Qxd8+ Rxd8 13. Be3 Rd7 14. Nc3 f6
15. Rad1 Rc7 16. Na4 Ne7 17. Nc5 Bc8 18. Bd2 a6 19. Ba5 Ra7 20. Rd8+ Kf7 21.
Red1 Rxd8 22. Rxd8 Bh6 23. Ne1 Bg7 24. Nc2 f5 25. f3 Bf6 26. Nb4 Ra8 27. Rd6
Rb8 28. a4 Bg5 29. Kf2 Bc1 30. Ncd3 Bg5 31. Nxe5+ Kg7 32. Nexc6 Bf4 33. Nxb8
Bxd6 34. N8xa6 fxe4 35. fxe4 Bd7 36. Bc7 Bxb4 37. Nxb4 Bxa4 38. Bd6 Nc6 39.
Nxc6 Bxc6 40. Ke3 Kf6 41. g3 h5 42. Kd4 Kg5 43. Be7+ Kh6 44. e5 Kg7 45. Kc5 Bd7
46. h4 Kf7 47. Kd6 Ba4 48. e6+ Ke8 49. Bg5 Bb5 50. Kc5 Ba6 51. b4 Bc8 52. Kd6
Ba6 53. Kc6 Bc4 54. b5 1-0

[Event "Championnat de France 2006 - Open B"]
[Site "BESANCON"]
[Date "2006.08.18"]
[Round "4.2"]
[White "Geronimi, Pierre-Francois"]
[Black "Tardif, Olivier"]
[Result "0-1"]
[WhiteElo "1870"]
[BlackElo "1979"]
[PlyCount "84"]
[EventDate "2006.??.??"]

1. e4 b6 2. Bc4 e6 3. d4 d5 4. Bd3 Bb7 5. e5 c5 6. c3 cxd4 7. cxd4 Nc6 8. Nf3
Rc8 9. Nc3 Be7 10. O-O g5 11. Be3 g4 12. Nd2 h5 13. f4 Nh6 14. f5 Nxe5 15. dxe5
d4 16. Qa4+ Bc6 17. Qxd4 Bc5 18. Qf4 Qxd3 19. Bxc5 bxc5 20. fxe6 Qd4+ 21. Qxd4
cxd4 22. exf7+ Nxf7 23. Nce4 Rc7 24. Nd6+ Nxd6 25. exd6 Rf7 26. Rfc1 Bd7 27.
Re1+ Kd8 28. Rac1 Rh6 29. Rc7 Rxd6 30. Rxa7 Rc6 31. b4 Rf5 32. Nb3 Rd5 33. Nc5
d3 34. Rxd7+ Rxd7 35. Nxd7 d2 36. Rd1 Rc1 37. Kf2 Rxd1 38. Ke2 Ra1 39. Kxd2
Rxa2+ 40. Kc3 Kxd7 41. b5 Kc7 42. h3 Rxg2 0-1

[Event "Championnat de France 2006 - Open B"]
[Site "BESANCON"]
[Date "2006.08.18"]
[Round "4.4"]
[White "Orsoni, Jean-Philippe"]
[Black "Pingue, Renaud"]
[Result "0-1"]
[WhiteElo "1853"]
[BlackElo "1932"]
[PlyCount "136"]
[EventDate "2006.??.??"]

1. e4 e5 2. Nf3 Nc6 3. d4 exd4 4. Bc4 Nf6 5. O-O Nxe4 6. Re1 d5 7. Bxd5 Qxd5 8.
Nc3 Qa5 9. Nxe4 Be6 10. Bg5 h6 11. Bh4 Bb4 12. Re2 O-O 13. a3 Be7 14. Bxe7 Nxe7
15. Qxd4 Nc6 16. Qe3 Bg4 17. Rd2 Rfe8 18. Rad1 Qa4 19. Nc3 Qc4 20. Qd3 Qxd3 21.
Rxd3 Ne5 22. Re3 Nxf3+ 23. gxf3 Rxe3 24. fxe3 Bxf3 25. Rd7 Bc6 26. Rd2 Re8 27.
Kf2 g6 28. Ne2 a5 29. Nd4 Be4 30. Nb5 Re7 31. Nc3 Bc6 32. Nd5 Bxd5 33. Rxd5 b6
34. c4 Re4 35. c5 Rc4 36. cxb6 cxb6 37. Rb5 Rc6 38. Kf3 Kg7 39. b4 axb4 40.
Rxb4 h5 41. h4 Kh6 42. e4 Rc3+ 43. Kg2 Rxa3 44. Rxb6 Re3 45. Rb4 f6 46. Ra4 Kg7
47. Ra7+ Kf8 48. Ra4 Kf7 49. Kf2 Rh3 50. Ra7+ Ke6 51. Ra6+ Ke5 52. Ra5+ Kxe4
53. Kg2 Rd3 54. Ra8 g5 55. hxg5 fxg5 56. Rh8 h4 57. Re8+ Kf4 58. Rf8+ Kg4 59.
Kf2 Kh3 60. Kg1 Kg3 61. Rf1 g4 62. Kh1 Kh3 63. Kg1 g3 64. Re1 Kg4 65. Rf1 h3
66. Re1 h2+ 67. Kg2 Rd2+ 68. Kh1 Kh3 0-1

[Event "Championnat de France 2006 - Open B"]
[Site "BESANCON"]
[Date "2006.08.18"]
[Round "4.5"]
[White "Canonge, Jerome"]
[Black "Grandadam, Patrick"]
[Result "0-1"]
[WhiteElo "1902"]
[BlackElo "1830"]
[PlyCount "88"]
[EventDate "2006.??.??"]

1. d4 d5 2. Bg5 c6 3. e3 Nf6 4. Bxf6 exf6 5. Nd2 Qb6 6. Qc1 f5 7. c4 Be6 8. c5
Qc7 9. g3 Nd7 10. Bd3 Nf6 11. Ne2 g6 12. b4 Bh6 13. a4 O-O 14. Nf3 Ne4 15. h4
Rfe8 16. Nf4 Bd7 17. Be2 Re7 18. Ne5 Rae8 19. O-O f6 20. Ned3 g5 21. hxg5 fxg5
22. Ng2 Bg7 23. Qe1 Re6 24. f4 g4 25. Ne5 Rh6 26. Bd3 Re7 27. Bxe4 dxe4 28.
Nxd7 Qxd7 29. Kf2 Ree6 30. Nh4 Qd5 31. Qe2 Bf6 32. Rh1 Bxh4 33. gxh4 Rh5 34.
Kg3 Qb3 35. Rhb1 Qd5 36. b5 Qd8 37. Rh1 Reh6 38. Qh2 Rxh4 39. Qxh4 Rxh4 40.
Rxh4 Qd5 41. Ra3 Qc4 42. Rh1 Qe2 43. Rha1 Qf3+ 44. Kh4 h6 0-1

[Event "Championnat de France 2006 - Open C"]
[Site "BESANCON"]
[Date "2006.08.18"]
[Round "4.1"]
[White "Perradin, Vincent"]
[Black "Tournier, Jean-Pascal"]
[Result "1/2-1/2"]
[WhiteElo "1690"]
[BlackElo "1560"]
[PlyCount "117"]
[EventDate "2006.??.??"]

1. e4 e5 2. Nf3 Nc6 3. Bb5 a6 4. Bxc6 dxc6 5. O-O Bg4 6. h3 h5 7. d3 Bd6 8.
Nbd2 Bd7 9. Nc4 Qe7 10. Re1 O-O-O 11. c3 f6 12. d4 Be6 13. Na5 exd4 14. Nxd4 c5
15. Nac6 bxc6 16. Nxc6 Qd7 17. Nxd8 Qxd8 18. Qf3 Kb8 19. Be3 Bc8 20. b4 cxb4
21. cxb4 Bb7 22. Rab1 Qe8 23. Bc5 Be5 24. Qa3 Qb5 25. Red1 Nh6 26. Rd2 Nf7 27.
Rbd1 g5 28. Qb3 Nd6 29. a4 Qc4 30. Qxc4 Nxc4 31. Rd8+ Rxd8 32. Rxd8+ Bc8 33.
Rf8 Kb7 34. Be7 Nb6 35. Bxf6 Nd7 36. Bxe5 Nxf8 37. Kf1 Bd7 38. a5 Ne6 39. Ke2
Kc6 40. Ke3 Kb5 41. f4 gxf4+ 42. Bxf4 Nxf4 43. Kxf4 Kxb4 44. g4 hxg4 45. h4 g3
46. Kxg3 Be6 47. h5 Kc4 48. Kf4 Kd4 49. h6 Bg8 50. e5 Kd5 51. Kf5 c5 52. Kf6 c4
53. e6 Kd6 54. e7 Kd7 55. Kg7 Kxe7 56. Kxg8 c3 57. h7 c2 58. h8=Q c1=Q 59. Qg7+
1/2-1/2

[Event "Championnat de France 2006 - Open C"]
[Site "BESANCON"]
[Date "2006.08.18"]
[Round "4.2"]
[White "Thelen, Sylvain"]
[Black "Louison, Lewis"]
[Result "1/2-1/2"]
[WhiteElo "1570"]
[BlackElo "1660"]
[PlyCount "27"]
[EventDate "2006.??.??"]

1. e4 e5 2. Nf3 Nc6 3. d4 exd4 4. Nxd4 Nxd4 5. Qxd4 Nf6 6. Bc4 d6 7. Bf4 Be7 8.
e5 dxe5 9. Qxd8+ Bxd8 10. Bxe5 O-O 11. O-O Re8 12. Bc3 Bf5 13. Na3 Be7 14. Nb5
1/2-1/2

[Event "Championnat de France 2006 - Open C"]
[Site "BESANCON"]
[Date "2006.08.18"]
[Round "4.4"]
[White "Guerreiro, Laurent"]
[Black "Fariad, Hassan"]
[Result "0-1"]
[WhiteElo "1499"]
[BlackElo "1580"]
[PlyCount "112"]
[EventDate "2006.??.??"]

1. c4 e5 2. Nc3 Nf6 3. g3 Nc6 4. Bg2 Bc5 5. e3 d6 6. a3 a6 7. Nd5 O-O 8. b4 Ba7
9. Bb2 Be6 10. Ne2 Ne8 11. d4 exd4 12. exd4 Qd7 13. Ne3 Bh3 14. Bxh3 Qxh3 15.
Nf4 Qd7 16. O-O Nf6 17. Nfd5 Nxd5 18. Nxd5 Rfe8 19. Qd2 Re6 20. Rfe1 Rae8 21.
Re3 Rxe3 22. Nxe3 Ne7 23. Re1 c6 24. d5 Ng6 25. Qc3 f6 26. Nc2 Ne5 27. Kg2 cxd5
28. cxd5 Rc8 29. Qb3 Qf5 30. Nd4 Bxd4 31. Bxd4 h5 32. Qb1 Qf3+ 33. Kg1 Qxd5 34.
Be3 Nf3+ 35. Kf1 Nxe1 36. Qxe1 Qh1+ 37. Ke2 Qxe1+ 38. Kxe1 Kf7 39. Kd2 Ke6 40.
h4 Kd5 41. Kd3 b5 42. Bf4 Re8 43. Be3 Re4 44. f3 Rc4 45. Bf4 a5 46. Bd2 Rd4+
47. Kc3 axb4+ 48. axb4 Rxd2 49. Kxd2 Kd4 50. g4 hxg4 51. fxg4 Ke4 52. Kc3 d5
53. g5 fxg5 54. hxg5 Ke3 55. Kc2 d4 56. Kd1 Kd3 0-1

[Event "Championnat de France 2006 - Open C"]
[Site "BESANCON"]
[Date "2006.08.18"]
[Round "4.5"]
[White "De Castet, Antoine"]
[Black "Fais, Bertrand"]
[Result "1-0"]
[WhiteElo "1570"]
[BlackElo "1360"]
[PlyCount "154"]
[EventDate "2006.??.??"]

1. c4 e5 2. Nc3 Nf6 3. Nf3 Nc6 4. g3 Bc5 5. Bg2 d6 6. O-O O-O 7. d3 h6 8. a3 a5
9. Qc2 Bg4 10. e3 Qd7 11. Re1 Ne7 12. Nd2 c6 13. Nde4 Nxe4 14. Nxe4 Ba7 15. Bd2
f5 16. Nc3 Rac8 17. Rac1 Ng6 18. h3 Bh5 19. Na4 Qd8 20. Qb3 Rb8 21. c5+ d5 22.
Nb6 Ne7 23. Bxa5 Qe8 24. Bc3 e4 25. dxe4 Bxb6 26. cxb6 Bf7 27. exd5 Nxd5 28.
Qc2 Qe6 29. Bd4 Bg6 30. Qb3 Nc7 31. Qxe6+ Nxe6 32. Be5 Rbd8 33. Red1 Bf7 34.
Bc7 Nxc7 35. bxc7 Rc8 36. Rd7 Rfe8 37. Rcd1 Be6 38. Rd8 Kf7 39. Rxe8 Rxe8 40.
Rd8 Ke7 41. Rb8 Bc8 42. Bf3 Kd7 43. Bh5 Re6 44. Ra8 g6 45. Bf3 Kxc7 46. Ra4 b5
47. Rd4 c5 48. Rd5 Bb7 49. Rxc5+ Kb6 50. Rxb5+ Kxb5 51. Bxb7 Kc5 52. Bf3 Rd6
53. b4+ Kb5 54. Be2+ Ka4 55. b5 Kxa3 56. f4 Kb4 57. Kf2 Kc5 58. g4 fxg4 59.
hxg4 Kd5 60. Bf3+ Ke6 61. Bc6 Rd2+ 62. Kf3 g5 63. f5+ Ke5 64. b6 Rb2 65. b7 Rb3
66. f6 Kxf6 67. Ke4 Rb4+ 68. Kd5 Ke7 69. Kc5 Rb2 70. Bb5 Rb3 71. b8=Q Kf6 72.
Qd6+ Kg7 73. Bd7 Rxe3 74. Qd4+ Kf8 75. Qxe3 h5 76. Qe8+ Kg7 77. Be6 hxg4 1-0

[Event "Championnat de France 2006 - Vétérans"]
[Site "BESANCON"]
[Date "2006.08.18"]
[Round "4.2"]
[White "Goldenberg, Richard"]
[Black "Patrat, Joel"]
[Result "1-0"]
[WhiteElo "2329"]
[BlackElo "2003"]
[PlyCount "87"]
[EventDate "2006.??.??"]

1. Nf3 e6 2. g3 f5 3. Bg2 Nf6 4. O-O d5 5. d3 Bc5 6. b3 c6 7. Bb2 O-O 8. c4
Nbd7 9. Nbd2 Qe8 10. Qc2 e5 11. d4 exd4 12. cxd5 Nxd5 13. Nxd4 Bxd4 14. Bxd4
N7f6 15. e4 fxe4 16. Nxe4 Qh5 17. Nxf6+ Nxf6 18. Rfe1 Bh3 19. Qc4+ Kh8 20. Re5
Qg4 21. Re7 b5 22. Bxh3 Qxh3 23. Qxc6 Rad8 24. Bxf6 Rxf6 25. Re8+ Rf8 26. Rxf8+
Rxf8 27. Qxb5 Qg4 28. Re1 Qf3 29. Qc5 h5 30. Re5 Qd1+ 31. Kg2 Qf3+ 32. Kf1 Qh1+
33. Ke2 Qf3+ 34. Ke1 Qh1+ 35. Kd2 Rd8+ 36. Ke3 Qe1+ 37. Kf4 Qd2+ 38. Qe3 Rf8+
39. Kg5 Qxf2 40. Qxf2 Rxf2 41. Kg6 Rf6+ 42. Kxh5 Rh6+ 43. Kg4 Rxh2 44. Rh5+ 1-0

[Event "Championnat de France 2006 - Vétérans"]
[Site "BESANCON"]
[Date "2006.08.18"]
[Round "4.3"]
[White "Labarthe, Arnaud"]
[Black "Renault, Jean-Pierre"]
[Result "1-0"]
[WhiteElo "2044"]
[BlackElo "1956"]
[PlyCount "164"]
[EventDate "2006.??.??"]

1. d4 f5 2. Qd3 d6 3. g4 fxg4 4. h3 g3 5. fxg3 Nc6 6. Nf3 e6 7. e4 Be7 8. Nc3
a6 9. Be3 Nf6 10. Bg2 e5 11. d5 Na7 12. O-O O-O 13. Nh4 g6 14. Bh6 Rf7 15. Rf2
Bd7 16. a4 Qe8 17. Raf1 b5 18. g4 Bxg4 19. hxg4 Nxg4 20. Rxf7 Nxh6 21. Rxe7
Qxe7 22. Qg3 bxa4 23. Nf5 Nxf5 24. exf5 Nb5 25. fxg6 Qg7 26. gxh7+ Kh8 27.
Qxg7+ Kxg7 28. Nxa4 Kxh7 29. c4 Nd4 30. Rf7+ Kh6 31. Rxc7 Rb8 32. Rd7 Rb4 33.
Rxd6+ Kg5 34. Rxa6 Rxc4 35. Nc3 Rb4 36. d6 Rxb2 37. d7 Rb8 38. Ra8 Rxa8 39.
Bxa8 Ne6 40. Ne4+ Kg6 41. Nc5 Nd8 42. Nb7 Ne6 43. d8=Q Nxd8 44. Nxd8 Kf6 45.
Be4 Ke7 46. Nc6+ Kd6 47. Kf2 Ke6 48. Ke3 Kd6 49. Kd3 Ke6 50. Kc4 Kd6 51. Na7
Ke6 52. Nb5 Kf6 53. Kd5 Ke7 54. Kxe5 Kf7 55. Bf5 Ke7 56. Nd6 Kd8 57. Nb5 Ke7
58. Be6 Ke8 59. Kf6 Kf8 60. Bd5 Ke8 61. Nc7+ Kd7 62. Nb5 Ke8 63. Be6 Kf8 64.
Bd5 Ke8 65. Nc7+ Kd7 66. Ne6 Kd6 67. Bb3 Kd7 68. Bc4 Kd6 69. Bf1 Kd7 70. Bg2
Kd6 71. Ng5 Kd7 72. Nf7 Kc7 73. Ke6 Kb6 74. Kd6 Kb5 75. Ng5 Kc4 76. Ne6 Kd3 77.
Kd5 Kc3 78. Be4 Kb4 79. Kd6 Kb3 80. Nc5+ Kb4 81. Kd5 Kb5 82. Kd4 Kb6 {
suite illisible} 1-0

[Event "Championnat de France 2006 - Vétérans"]
[Site "BESANCON"]
[Date "2006.08.18"]
[Round "4.4"]
[White "Siino, Christian"]
[Black "Cousin, Philippe"]
[Result "0-1"]
[WhiteElo "1930"]
[BlackElo "2019"]
[PlyCount "100"]
[EventDate "2006.??.??"]

1. b4 e5 2. Bb2 d6 3. c4 Nf6 4. Nc3 Be6 5. e3 Nbd7 6. Nf3 h6 7. a4 Be7 8. Be2
O-O 9. Rc1 a5 10. b5 Nb6 11. Qb3 Re8 12. O-O c5 13. d3 Qc7 14. e4 Bd7 15. Rce1
Nh7 16. Nd2 Bg5 17. Bc1 Rf8 18. Qd1 Qc8 19. Nb3 Bh4 20. g3 Bf6 21. Bf3 Bh3 22.
Bg2 Bxg2 23. Kxg2 Kh8 24. Qh5 g6 25. Qxh6 Bg7 26. Qh3 Qd8 27. Bh6 Kg8 28. f4
exf4 29. Bxg7 Kxg7 30. Rxf4 Ng5 31. Qg4 Nd7 32. h4 Ne5 33. Qe2 Ne6 34. Rff1 Rh8
35. Rh1 g5 36. h5 g4 37. Nd5 Qg5 38. Ref1 Nf3 39. Rxf3 gxf3+ 40. Qxf3 Qe5 41.
Rh4 Ng5 42. Qf2 Rh6 43. Ne3 Rf6 44. Nf5+ Kh7 45. Qd2 Rg8 46. g4 b6 47. Nc1 Nxe4
48. dxe4 Qxe4+ 49. Kh3 Rxf5 50. gxf5 Qf3+ 0-1